| 000 | 01973nam a2200433 i 4500 | ||
|---|---|---|---|
| 001 | 195428 | ||
| 003 | SpMaBN | ||
| 005 | 20250730153551.0 | ||
| 008 | 230608s2022 sp a | |||| 001 0 spa | ||
| 017 |
_aB 13092-2022 _bOficina Depósito Legal Barcelona |
||
| 020 | _a9788467066654 | ||
| 040 |
_aSpMaBN _bspa _cSpMaBN _erda _dES-MaACL |
||
| 080 | _a94(460) | ||
| 080 |
_a94(7/8=134.2)"1492/1600" _2mrf12 |
||
| 080 | _a327(8=134.2:460) | ||
| 080 | _a327(460:8=134.2) | ||
| 100 | 1 |
_aGullo Omodeo, Marcelo _9234540 _eaut |
|
| 245 | 1 | 0 |
_aNada por lo que pedir perdón : _bla importancia del legado español frente a las atrocidades cometidas por los enemigos de España / _cMarcelo Gullo Omodeo ; prólogo de Carmen Iglesias. |
| 250 | _aPrimera edición: octubre de 2022 | ||
| 264 | 1 |
_aBarcelona : _bEspasa, _c[2022]. |
|
| 264 | 4 | _c©2022 | |
| 300 |
_a447 páginas, 16 páginas de láminas sin numerar : _bilustraciones (blanco y negro y color) ; _c23 cm. |
||
| 336 |
_aTexto _2rdacontent |
||
| 337 |
_asin mediación _2rdamedia |
||
| 338 |
_avolumen _2rdacarrier |
||
| 504 | _aBibliografía: páginas 405-435. Índice | ||
| 651 | 4 |
_aEspaña- _xHistoria- _xLeyenda negra _98346 |
|
| 651 | 4 |
_aAmérica española- _xHistoria- _y1492-1600 (Descubrimiento y conquista) _97724 |
|
| 651 | 4 |
_aEspaña- _xRelaciones- _zAmérica española _98453 |
|
| 651 | 4 |
_aAmérica española- _xRelaciones- _zEspaña _97736 |
|
| 700 | 1 |
_965073 _aIglesias, Carmen _eaui |
|
| 852 |
_aES-MaACL _bR.154468 _cDEPOJ _jN-8960 _gDedicatoria autógrafa del autor _hDonación: Marcelo Gullo Omodeo _xEncuadernación rústica con solapas _9204833 |
||
| 903 |
_9234540 _aGullo Omodeo, Marcelo _ednr |
||
| 942 |
_n0 _cMONOGRAFIA |
||
| 999 |
_c195428 _d195428 |
||